Учебно-тренировочный комплекс: концепция и структура (на примере курса "Методы расчёта устойчивости энергосистем"); Информационные технологии в экономике, науке и образовании

Bibliografiske detaljer
Parent link:Информационные технологии в экономике, науке и образовании.— 2011.— [С. 84-86]
Hovedforfatter: Фикс Н. П. Наталья Павловна
Summary:Заглавие с экрана
Sprog:russisk
Udgivet: 2011
Fag:
Online adgang:http://ius.bti.secna.ru/system/files/conference_2011.pdf#page=84
Format: MixedMaterials Electronisk Book Chapter
KOHA link:https://koha.lib.tpu.ru/cgi-bin/koha/opac-detail.pl?biblionumber=637087

MARC

LEADER 00000naa0a2200000 4500
001 637087
005 20250611095004.0
035 |a (RuTPU)RU\TPU\network\1181 
035 |a RU\TPU\network\1180 
090 |a 637087 
100 |a 20140513d2011 k||y0rusy50 ca 
101 0 |a rus 
102 |a RU 
135 |a drcn ---uucaa 
181 0 |a i  
182 0 |a b 
200 1 |a Учебно-тренировочный комплекс: концепция и структура (на примере курса "Методы расчёта устойчивости энергосистем")  |f Н. П. Фикс 
203 |a Текст  |c электронный 
300 |a Заглавие с экрана 
320 |a [Библиогр.: с. 85-86 (5 назв.)] 
463 |t Информационные технологии в экономике, науке и образовании  |o материалы Всероссийской научно-практической конференции 22–23 сентября 2011 г., Бийск  |v [С. 84-86]  |d 2011 
610 1 |a электронный ресурс 
610 1 |a труды учёных ТПУ 
610 1 |a конференции 
700 1 |a Фикс  |b Н. П.  |c специалист в области электротехники  |c доцент Томского политехнического университета, кандидат педагогических наук  |f 1971-  |g Наталья Павловна  |3 (RuTPU)RU\TPU\pers\31095  |9 15324 
801 2 |a RU  |b 63413507  |c 20171214  |g RCR 
850 |a 63413507 
856 4 |u http://ius.bti.secna.ru/system/files/conference_2011.pdf#page=84 
942 |c CF